000 00260nam a22001217a 4500
008 170718b xxu||||| |||| 00| 0 eng d
041 _aeng
080 _a82
100 _a22
101 _aGJL
245 _aAMERICAN LITERATURE
_cSTEDMAN, E.C
942 _2udc
_cBK
999 _c21420
_d21420